Исследование асинхронных двигателей для привода роликов: диссертация на соискание ученой степени кандидата технических наук

Dettagli Bibliografici
Autore principale: Шелехов С. А.
Ente Autore: Томский политехнический институт (ТПИ)
Altri autori: Сипайлов Г. А. Геннадий Антонович (научный руководитель)
Lingua:russo
Pubblicazione: Томск, 1967
Soggetti:
Natura: Libro
KOHA link:https://koha.lib.tpu.ru/cgi-bin/koha/opac-detail.pl?biblionumber=143496

MARC

LEADER 00000nbm0a2200000 4500
001 143496
005 20231031143237.0
035 |a (RuTPU)RU\TPU\book\155503 
090 |a 143496 
100 |a 20080919d1967 k y0rusy50 ca 
101 0 |a rus 
102 |a RU 
105 |a a m 001zy 
200 1 |a Исследование асинхронных двигателей для привода роликов  |e диссертация на соискание ученой степени кандидата технических наук  |f С. А. Шелехов  |g Томский политехнический институт (ТПИ) ; науч. рук. Г. А. Сипайлов 
210 |a Томск  |d 1967 
215 |a 290 л.  |c ил. 
320 |a Библиогр.: с. 232-241 (99 назв.) 
610 1 |a диссертации 
610 1 |a асинхронные двигатели 
610 1 |a ролики 
610 1 |a приводы 
610 1 |a рольганговые двигатели 
610 1 |a механические характеристики 
610 1 |a динамическое торможение 
610 1 |a исследование 
675 |a 621.313.333(04)  |v 3 
700 1 |a Шелехов  |b С. А. 
702 1 |a Сипайлов  |b Г. А.  |c специалист в области электромеханики  |c профессор Томского политехнического университета  |f 1920-2004  |g Геннадий Антонович  |2 stltpush  |3 (RuTPU)RU\TPU\pers\12400  |4 727 
712 0 2 |a Томский политехнический институт (ТПИ)  |c (1944-1991)  |2 stltpush  |3 (RuTPU)RU\TPU\col\1123 
801 1 |a RU  |b 63413507  |c 20080919  |g PSBO 
801 2 |a RU  |b 63413507  |c 20150907  |g RCR 
942 |c BK